01510nam a2200325Ia 4500001001200000003000800012006001900020007001500039008004100054020001800095020001500113040002100128035002100149050002800170100001900198245032300217260005900540300002400599504005400623533015200677650004500829651004700874655002900921700002700950700002700977700001801004710001701022856012601039999001901165ebr10448523CaPaEBRm u cr cn|||||||||101114s2010 gh a sb 000 0 eng d z9789988647384 z9988647387 aCaPaEBRcCaPaEBR a(OCoLC)71515411614aDT512.9.N67bA94 2010eb1 aAwedoba, A. K.13aAn ethnographic study of Northern Ghanaian conflictsh[electronic resource] :btowards a sustainable peace : key aspects of past, present and impending conflicts in Northern Ghana and the mechanisms for their address /cA.K. Awedoba ; collaborating researchers: Edward Salifu Mahama, Sylvanus M.A. Kuuire, Felix Longi. aLegon, Accra, Ghana :bSub-Saharan Publishers,c[2010] axii, 321 p. :bill. aIncludes bibliographical references (p. 312-319). aElectronic reproduction.bPalo Alto, Calif. :cebrary,d2011.nAvailable via World Wide Web.nAccess may be limited to ebrary affiliated libraries. 0aSocial conflictzGhanazNorthern Region. 0aNorthern Region (Ghana)xEthnic relations. 7aElectronic books.2local1 aMahama, Edward Salifu.1 aKuuire, Sylvanus M. A.1 aLongi, Felix.2 aebrary, Inc.40uhttp://site.ebrary.com/lib/rucke/Doc?id=10448523zAn electronic book accessible through the World Wide Web; click to view c247985d247985